Responses for show #7988 - Wednesday, May 8, 2019

2019 Teachers Tournament quarterfinal game 3.

Contestants

[<< previous game]

Vicki Leibeck-Owsley, a high school English teacher from Columbia, Kentucky

Alexandra Bicks, a high school ESL teacher from Cambridge, Massachusetts

Francois Barcomb, an 11th grade physics teacher from New Paltz, New York

[next game >>]

Jeopardy! Round responses

RECENT BESTSELLERS
WOMEN OLYMPIANS
THE ELEMENTS
SPELL THE BEANS
(Alex: Each response is a type of bean that you're going to have to spell for us.)
EDUCATIONAL GAMES
WORDS IN TEACHER
    $200 9
(George) Martin

Francois
    $200 21
fencing

Francois
    $200 19
aluminum

Francois
    $200 6
K-I-D-N-E-Y

Francois
    $200 14
LeapFrog

Vicki
    $200 1
Earth

Francois
    $400 10
Educated

Alexandra
    $400 25
Puerto Rico

Alexandra
    $400 20
nickel

Alexandra
    $400 7
(Francois: What is C-A-C-O-A?)

C-A-C-A-O

Francois
Triple Stumper
    $400 15
Carmen Sandiego

Alexandra
    $400 2
cater

Vicki
    $1,000 11
the White House

Alexandra
    $600 26
badminton

Francois
    $600 22
a half-life

Francois
    $600 8
J-E-L-L-Y

Vicki
    $600 16
The Oregon Trail

Francois
    $600 3
cheat

Triple Stumper
    $800 12
Stephen King

Alexandra
    $800 27
the heptathlon

Francois
    $800 23
chlorine

Francois
    $800 29
L-I-M-A

Francois
    $800 17
The Magic School Bus

Francois
    $800 4
an acre

Francois
    $1000 13
a rabbit

Alexandra
    $1000 28
the vault

Francois
    $1000 24
(Vicki: What is calcium?)
[Originally ruled incorrect; ruled correct before the beginning of the Double Jeopardy! Round.]

bismuth (or calcium)

Vicki
    $1000 30
(Alexandra: What is pinto?)

P-I-N-T-O

AlexandraVicki
    $1000 18
typing

Triple Stumper
    $1000 5
chert

Triple Stumper

Scores at the first commercial break (after clue 15):

Francois Alexandra Vicki
$1,000 $3,600 $1,200

Scores at the end of the Jeopardy! Round:

Francois Alexandra Vicki
$7,400 $3,400 $3,200

Double Jeopardy! Round responses

I NEED A SUPERHERO
(Alex: Don't we all?)
ANGRY WORDS
THEM'S THE RULES
OPERA & BALLET
RUN IT UP THE FLAGPOLE
"C" WHO SALUTES
    $400 1
Black Panther

Vicki
    $400 25
upset

Alexandra
    $400 6
boxing

Francois
    $400 15
La Boheme

Vicki
    $400 11
a bear

Francois
    $400 20
(Francois: Who is Grant?)

George Armstrong Custer

Francois
Triple Stumper
    $800 2
Supergirl

Vicki
    $800 26
rage

Francois
    $3,000 7
(Francois: Uh... I don't know.)

the Golden Rule

Francois
    $800 16
soprano

Triple Stumper
    $800 12
Colombia

Francois
    $800 21
Cornwalis

Alexandra
    $1200 3
the Teenage Mutant Ninja Turtles

Francois
    $1200 27
[Laughter when Alex said "Khaaaaan".]

wrath

Francois
    $1200 8
(Vicki: What is Luxury Tax?)

Income Tax

FrancoisVicki
    $1200 17
Rodeo

Alexandra
    $1200 13
the H.M.S. Bounty

Francois
    $1200 22
Clark

Francois
    $1600 4
Frozone

Francois
    $1600 28
incense

Alexandra
    $1600 9
handwritten

Vicki
    $1600 18
Verdi

Francois
    $1600 14
Kenya

Vicki
    $3,000 23
(Francois: Who is Cabot?)

Samuel de Champlain

Francois
    $2000 5
Legends of Tomorrow

Triple Stumper
    $2000 29
the Furies

Francois
    $2000 10
a fiduciary rule

Francois
    $2000 30
the Ballet Russe

Triple Stumper
    $2000 19
(Vicki: What is Labrador?)

the Yukon

FrancoisVicki
    $2000 24
(George) Clinton

Francois

Scores at the end of the Double Jeopardy! Round:

Francois Alexandra Vicki
$20,600 $7,400 $4,800
(lock game)

Final Jeopardy! Round responses

WORDS FROM THE COMICS
(Alex: [After reading the clue] Alexa, play the Jeopardy! think music.)
(Alexa: Okay.)
...
(Alex: [To Francois] What does Linus have?)
(Francois: [*].)
VickiWhat is brain wash
$3,800
AlexandraWhat is secret agent
$2,201
FrancoisWhat is warm puppy?
$0
security blanket

Final scores:

Francois Alexandra Vicki
$20,600 $5,199 $1,000
Automatic semifinalist 2nd place: $5,000 if eliminated 3rd place: $5,000 if eliminated

Game dynamics:

Coryat scores:

Francois Alexandra Vicki
$26,600 $7,000 $4,800
29 R,
4 W
(including 2 DDs)
11 R
(including 1 DD),
1 W
10 R,
2 W

Combined Coryat: $38,400

The J! Archive is created by fans, for fans. The Jeopardy! game show and all elements thereof, including but not limited to copyright and trademark thereto, are the property of Jeopardy Productions, Inc. and are protected under law. This website is not affiliated with, sponsored by, or operated by Jeopardy Productions, Inc. Join the discussion at JBoard.tv.